书目信息 |
| 题名: |
十八世纪法国启蒙运动
|
|
| 作者: | 李凤鸣 , 姚介厚 著 | |
| 分册: | ||
| 出版信息: | 北京 北京出版社 1982 |
|
| 页数: | 336页 | |
| 开本: | 19cm | |
| 丛书名: | ||
| 单 册: | ||
| 中图分类: | B565.2 | |
| 科图分类: | ||
| 主题词: | 近代哲学--法国--17~18世纪 | |
| 电子资源: | ||
| ISBN: | ||
| 000 | 00683nam0 2200241 45 | |
| 001 | 0182006181 | |
| 005 | 20060911091727.14 | |
| 010 | @dCNY0.83 | |
| 091 | @a2071.14 | |
| 100 | @a19950929d1982 em y0chiy0121 ea | |
| 101 | 0 | @achi |
| 102 | @aCN@b110000 | |
| 105 | @ay z 000yy | |
| 200 | 10 | @a十八世纪法国启蒙运动@Ashi ba shi ji fa guo qi meng yun dong@f李凤鸣,姚介厚著@FLi Feng Ming,Yao Jie Hou Zhu |
| 210 | @a北京@c北京出版社@d1982 | |
| 215 | @a336页@d19cm | |
| 606 | @a近代哲学@y法国@z17~18世纪 | |
| 690 | @aB565.2@v3 | |
| 701 | 0 | @a李凤鸣@4著 |
| 701 | 0 | @a姚介厚@4著 |
| 801 | 0 | @aCN@b上海图书馆@c20060911 |
| 801 | 2 | @aCN@bNLC@c20060820 |
| 905 | @f1@b82492@dB565.2@e3 | |
| 十八世纪法国启蒙运动/李凤鸣,姚介厚著.-北京:北京出版社,1982 |
| 336页;19cm |
| ISBN :CNY0.83 |
| ● |
| 相关链接 |
|
|
|
|
正题名:十八世纪法国启蒙运动
索取号:B565.2/3
 
预约/预借
| 序号 | 登录号 | 条形码 | 馆藏地/架位号 | 状态 | 备注 |
| 1 | 0082490 | 000578388 | 密集书库/ [索取号:B565.2/3] | 在馆 | |
| 2 | 0082491 | 000578342 | 第一借阅区/ [索取号:B565.2/3] | 在馆 | |
| 3 | 0082492 | 000577977 | 第一样本阅览室/ [索取号:B565.2/3] | 在馆 | |
| 4 | 0471262 | 204712622 | 密集书库/ [索取号:B565.2/3] | 在馆 | |
| 5 | 0475423 | 204754239 | 密集书库/ [索取号:B565.2/3] | 在馆 |